| 000 | 00890nam a2200241Ia 4500 | ||
|---|---|---|---|
| 003 | OSt | ||
| 005 | 20221005112158.0 | ||
| 006 | a|||||r|||| 00| 0 | ||
| 007 | ta | ||
| 008 | 221004b |||||||| |||| 00| 0 pan d | ||
| 020 |
_a8177701436 (hbk) _c275 |
||
| 024 | _a104610 | ||
| 037 |
_b513, 02/02/2011, H.K. Prakashan _cTextual |
||
| 040 |
_aCRL _cCRL _bpan |
||
| 041 |
_2pan _apan |
||
| 082 | _aO153,1:g, P7 | ||
| 100 | _aਬਲਜੀਤ ਕੌਰ | ||
| 245 | 0 |
_aਵੀਹਵੀ੍ਵ ਸਦੀ ਦੀ ਪੰਜਾਬੀ ਕਵਿਤਾ _b ਸਰੂਪ ਅਤੇ ਵਿਕਾਸ |
|
| 260 |
_aਅੰਮ੍ਰਿਤਸਰ _bਗੁਰੂ ਨਾਨਕ ਦੇਵ ਯੂਨੀਵਰਸਿਟੀ ਭਾਰਤ _c2007 |
||
| 300 |
_a346ਪੰ _ccm. |
||
| 942 |
_hO153,1:g, P7 _cTEXL _2cc |
||
| 999 |
_c1024084 _d1024084 |
||